000 00467cam a2200145 4500500
005 20260329002212.0
041 _afre
042 _adc
100 1 0 _ade Gaudemar, Martine
_eauthor
245 0 0 _aPolitique et crime : Neuf études
260 _c2011.
500 _a73
786 0 _nPhilosophie magazine | 48 | 4 | 2011-04-01 | p. 36-37 | 1951-1787
856 4 1 _uhttps://shs.cairn.info/magazine-philosophie-magazine-2011-4-page-36?lang=fr&redirect-ssocas=7080
999 _c1812674
_d1812675